Podejścia metodologiczne w pedagogice koncepcje - badania - wyniki
| Format: | Book |
|---|---|
| Language: | Polish English Slovak |
| PhysicalDescription: | 366 strán tabuľky 24 cm |
| Published: |
Katowice
Wydawnictwo Uniwersytetu Śląskiego
2019
|
| ISBN: | 9788322638095 (brožované) |
| ISSN: | 0208-6336 |
| Edition: | Wydanie 1. |
| Series: | Prace Naukowe Uniwersytetu Śląskiego w Katowicach
Nr 3883 |
| Subjects: |
MARC
| LEADER | 00000nam a2200000 4500 | ||
|---|---|---|---|
| 001 | vtls012008897 | ||
| 003 | SK-MaSNL | ||
| 005 | 20260301054348.0 | ||
| 008 | 220509s2019 pl a fr 000 0dpol | ||
| 015 | |a SNBZSA2021/04 | ||
| 020 | |a 9788322638095 (brožované) | ||
| 035 | |a urn:nbn:sk:snk-am00gkvx | ||
| 035 | |a urn:nbn:sk:snk-am3j72d | ||
| 035 | |a 480DAB03-F98D-4181-92F3-265630AF2117 | ||
| 040 | |a SNK |b slo |c SNK |e rda | ||
| 041 | 0 | |a pol |a eng |a slo |b eng | |
| 044 | |a pl |c PL | ||
| 072 | 7 | |a 37 |x Výchova a vzdelávanie |2 konspekt | |
| 080 | |a 37.01 |2 2011 | ||
| 080 | |a (048.8) |2 2011 | ||
| 080 | |a (82) |2 2011 | ||
| 245 | 0 | 0 | |a Podejścia metodologiczne w pedagogice |b koncepcje - badania - wyniki |c redakcja naukowa Alina Budniak i Małgorzata Mnich |
| 250 | |a Wydanie 1. | ||
| 264 | 1 | |a Katowice |b Wydawnictwo Uniwersytetu Śląskiego |c 2019 | |
| 300 | |a 366 strán |b tabuľky |c 24 cm | ||
| 336 | |a text |b txt |2 rdacontent | ||
| 337 | |a bez média |b n |2 rdamedia | ||
| 338 | |a zväzok |b nc |2 rdacarrier | ||
| 490 | 1 | |a Prace Naukowe Uniwersytetu Śląskiego w Katowicach |x 0208-6336 |v Nr 3883 | |
| 500 | |a Obsahuje profesijné údaje o prispievateľoch na strane [357]-366 | ||
| 504 | |a Bibliografia za jednotlivými príspevkami | ||
| 546 | |a Zborník väčšinou v poľskom jazyku, niektoré príspevky v angličtine a 1 príspevok v slovenčine ; resumé v angličtine | ||
| 650 | 0 | 7 | |a pedagogika |2 SNKPH |9 955 |
| 650 | 0 | 7 | |a didaktika |2 SNKPH |9 3484 |
| 650 | 0 | 7 | |a Pedagogics |2 SNKPHeng |9 265289 |
| 655 | 7 | |a štúdie |2 SNKPH |9 57033 | |
| 655 | 7 | |a zborníky |2 SNKPH |9 70165 | |
| 655 | 7 | |a Studies |2 SNKPHeng |9 265573 | |
| 655 | 7 | |a Papers of several authors |2 SNKPHeng |9 153738 | |
| 700 | 1 | |a Budniak, Alina |4 red |9 366291 | |
| 700 | 1 | |a Mnich, Małgorzata |4 red |9 366292 | |
| 810 | 2 | |a Uniwersytet Śląski w Katowicach |t Prace Naukowe |9 325291 | |
| 919 | |a 978-83-226-3809-5 | ||
| 958 | |a ZS | ||
| 958 | |a NB | ||
| 958 | |a PL | ||
| 999 | |c 610694 |d 612624 | ||
| 952 | |a SNK |b SNK |y PREZ |7 0 |p 17A1446376 |o snkSC 191572 |i snk2021/174 |8 2 |g 10.15 |0 0 |1 0 |4 0 |d 2020-12-14 |f 1 |l 0 |r 2025-10-08 00:00:00 |w 2026-02-23 | ||


